Úloha reklamy v bankovom marketingu

Zhodnotenie úlohy reklamy v bankovom marketingu. Na zhodnotenie danej problematiky bol použitý dotazník, ktorého zámerom je zistiť, či reklama vplýva na rozhodovanie spotrebiteľa pri výbere bankového produktu/ služby, prípadne na výber jeho súčasnej banky.

Saved in:
Bibliographic Details
Main Author: Petrovičová, Sandra
Format: Book Chapter
Language:Slovak
Subjects:
Tags: Add Tag
No Tags, Be the first to tag this record!

MARC

LEADER 00000nla a2200000 4500
001 0235086
005 20240208130721.8
041 0 |a slo 
044 |a SK 
245 1 0 |a Úloha reklamy v bankovom marketingu  |c Sandra Petrovičová 
520 |a Zhodnotenie úlohy reklamy v bankovom marketingu. Na zhodnotenie danej problematiky bol použitý dotazník, ktorého zámerom je zistiť, či reklama vplýva na rozhodovanie spotrebiteľa pri výbere bankového produktu/ služby, prípadne na výber jeho súčasnej banky. 
610 2 0 |a banky 
610 2 0 |a reklama 
610 2 0 |a spotrebitelia 
610 2 0 |a stratégia marketingová 
610 2 0 |a služby bankové 
610 2 0 |a produkty bankové 
610 2 0 |a výskum marketingový 
100 1 |a Petrovičová, Sandra